| 000 | 00455nam a2200145 a 4500 | ||
|---|---|---|---|
| 001 | 1120 | ||
| 003 | CDMR | ||
| 005 | 20130708111145.0 | ||
| 008 | 130130s1996||||||||||||||||||||||||||||d | ||
| 040 |
_aCDMR _bcat _cCPC GIRONA |
||
| 100 | 1 |
_aGifre, Pere _9883 |
|
| 245 | 1 | 4 |
_aEls Farners: vassalls de senyors i senyors de pagesos _bCatàleg documental de l'Arxiu Farners _cGifre Pere , Soler, Santi |
| 260 |
_c1996 _bConsell Comarcal de la Selva |
||
| 942 |
_cMON _2udc |
||
| 999 |
_c1120 _d1120 |
||